[Event "GER-ch44 V06 email"]
[Site "GER email"]
[Date "2012.04.25"]
[Round "?"]
[White "Korber, Bernhard"]
[Black "Kruschinski, Dirk"]
[Result "1/2-1/2"]
[WhiteElo "2138"]
[BlackElo "2158"]
[PlyCount "50"]
[EventDate "2012.04.30"]
[EventType "tourn (corr)"]
[EventRounds "10"]
[EventCountry "GER"]
[SourceTitle "Corr 2015"]
[Source "ChessBase"]
[SourceDate "2015.07.17"]
[SourceVersion "1"]
[SourceVersionDate "2015.07.17"]
[SourceQuality "1"]

1. e4 e5 2. Nf3 Nc6 3. Bb5 a6 4. Bxc6 dxc6 5. 0-0 Bg4 6. h3 h5 7. d3 Qf6 8. Nbd2 Ne7 9. Re1 Ng6 10. d4 Nf4 11. hxg4 hxg4 12. g3 gxf3 13. Qxf3 Ne6 14. dxe5 Qxe5 15. Nb3 g6 16. Bd2 Bg7 17. Bc3 Qg5 18. Bxg7 Nxg7 19. Rad1 Qh6 20. Kf1 Ne6 21. c3 Kf8 22. Qe3 Qh5 23. Kg2 Qh3+ 24. Kf3 Qh5+ 25. Kg2 Qh3+ 1/2-1/2